Teoría del dinero, el ahorro y el desempleo de equilibrio / (Registro nro. 8348)

Detalles MARC
000 -LEADER
fixed length control field 00866nam a2200229Ia 4500
003 - CONTROL NUMBER IDENTIFIER
control field OSt
005 - DATE AND TIME OF LATEST TRANSACTION
control field 20210817154306.0
008 - FIXED-LENGTH DATA ELEMENTS--GENERAL INFORMATION
fixed length control field 210310s1993 ck ad gr 000 0dspa d
020 ## - INTERNATIONAL STANDARD BOOK NUMBER
International Standard Book Number 9583300519
040 ## - CATALOGING SOURCE
Original cataloging agency CO-JMCR
Transcribing agency CO-JMCR
041 0# - LANGUAGE CODE
Language code of text/sound track or separate title spa
082 04 - DEWEY DECIMAL CLASSIFICATION NUMBER
Classification number 330.01 /
Item number S218t
Edition number 23
100 1# - MAIN ENTRY--PERSONAL NAME
Personal name Sandoval Betancourth, Gustavo Adolfo,
9 (RLIN) 17008
Relator term autor
245 10 - TITLE STATEMENT
Title Teoría del dinero, el ahorro y el desempleo de equilibrio /
Statement of responsibility, etc. Gustavo Sandoval Betancourth
250 ## - EDITION STATEMENT
Edition statement Primera edición
260 ## - PUBLICATION, DISTRIBUTION, ETC.
Place of publication, distribution, etc. Bogotá :
Name of publisher, distributor, etc. Arfo Ltda.,
Date of publication, distribution, etc. 1993
300 ## - PHYSICAL DESCRIPTION
Extent 153 páginas :
Other physical details ilustraciones y gráficas a blanco y negro ;
Dimensions 20 cm.
500 ## - GENERAL NOTE
General note Incluye notas a pie de página y datos biográficos y fotografía del autor.
505 0# - FORMATTED CONTENTS NOTE
Formatted contents note Teoría del dinero -- Teoría del ahorro -- Teoría del desempleo de equilibrio
650 14 - SUBJECT ADDED ENTRY--TOPICAL TERM
Topical term or geographic name entry element Teoría económica
9 (RLIN) 17010
942 ## - ADDED ENTRY ELEMENTS (KOHA)
Source of classification or shelving scheme Dewey Decimal Classification
Koha item type Books
Existencias
Withdrawn status Lost status Source of classification or shelving scheme Damaged status Not for loan Collection code Home library Current library Date acquired Source of acquisition Full call number Barcode Date last seen Copy number Koha item type
    Dewey Decimal Classification     Non-fiction Biblioteca Pública José María del Castillo y Rada Biblioteca Pública José María del Castillo y Rada 04/15/2018 Donación 330.01 / S218t 430006292 05/16/2024 Ej.1 Books